Save and Grow : (Registro nro. 7934)

Detalles MARC
000 -CABECERA
Campo de control 01076nam a22002897a 4500
005 - FECHA Y HORA DE LA ULTIMA TRANSACCION
Campo de control 20131127124052.0
008 - ELEMENTOS DE LONGITUD FIJA—INFORMACION GENERAL
Campo de control 131127b xxu||||| |||| 00| 0 spa d
020 ## - ISBN
ISBN 9251076413
041 ## - IDIOMA
Código de idioma para texto/pista de sonido o título separado Inglés
044 ## - PAÍS DE PUBLICACIÓN
País de publicación Italia
082 ## - NUMERO DE CLASIFICACION DECIMAL DEWEY
Número de clasificación 630
Número del ítem F21s
100 10 - ASIENTO PRINCIPAL--NOMBRE PERSONAL
Nombre personal Howeler, R. H.
245 10 - MENCION DE TITULO
Título Save and Grow :
Parte restante del título Cassava : a guide to sustainable production intensification
Mención de responsabilidad prepared by Reinhardt Howeler, NeBambi Lutaladio and Graeme Thomas
260 ## - PUBLICACION, DISTRIBUCION, ETC. (PIE DE IMPRENTA)
Lugar de publicación, distribución, etc. Roma
Nombre del editor, distribuidor, etc. Food and Agriculture Organization of the United Nations
Fecha de publicación, distribución, etc. 2013
300 ## - DESCRIPCION FISICA
Extensión 129 p.
Otros detalles físicos il., (col.) mapas, tablas
Dimensiones 26 cm.
504 ## - NOTA DE BIBLIOGRAFIA, ETC.
Nota de bibliografía Incluye referencias bibliográficas (p. 121-128).
650 #0 - ASIENTO SECUNDARIO DE MATERIA - TERMINO TEMATICO
Término temático o nombre geográfico como elemento de entrada Cassava
650 #0 - ASIENTO SECUNDARIO DE MATERIA - TERMINO TEMATICO
Término temático o nombre geográfico como elemento de entrada Yuca
650 #0 - ASIENTO SECUNDARIO DE MATERIA - TERMINO TEMATICO
Término temático o nombre geográfico como elemento de entrada Sustainable agriculture
650 #0 - ASIENTO SECUNDARIO DE MATERIA - TERMINO TEMATICO
Término temático o nombre geográfico como elemento de entrada Agricultura sostenible
650 #0 - ASIENTO SECUNDARIO DE MATERIA - TERMINO TEMATICO
Término temático o nombre geográfico como elemento de entrada Agricultural systems
700 1# - ASIENTO SECUNDARIO - NOMBRE PERSONAL
Nombre personal Lutaladio, NeBambi
700 1# - ASIENTO SECUNDARIO - NOMBRE PERSONAL
Nombre personal Thomas, Graeme
710 2# - ASIENTO SECUNDARIO - NOMBRE CORPORATIVO
Nombre corporativo o de jurisdicción como elemento de entrada Food and Agriculture Organization of the United Nations
856 ## - LOCALIZACION Y ACCESO ELECTRONICOS
Identificador Uniforme del Recurso http://www.fao.org/docrep/018/i3278e/i3278e00.htm
942 ## - ELEMENTOS ADICIONALES (KOHA)
Sistema de clasificación Dewey Decimal Classification
Tipo de ítem Impreso
Existencias
Withdrawn status Lost status Sistema de Clasificación Damaged status No para préstamo Colección Inventariado Ubicación Permanente Ubicación actual Fecha de adquisición Fuente de Valor Valor Total Checkouts Número topográfico Inventario / Código de Barras Date last seen Ejemplar Price effective from Forma de adquisición Tipo de material
    Dewey Decimal Classification     General Inventariado 2017 Bogotá Bogotá 27/11/2013 Instituto 39000.00   LB-630 F21s 059544 27/11/2013 Ej. 1 27/11/2013   Libro